La Grèce et l'hellénisation du monde antique / (Record no. 176252)

MARC details
000 -LEADER
campo de control de longitud fija 00881nam a22002535i 4500
001 - NÚMERO DE CONTROL
campo de control 176252
003 - IDENTIFICADOR DE NÚMERO DE CONTROL
campo de control ES-MaACL
005 - FECHA Y HORA DE LA ÚLTIMA TRANSACCIÓN
campo de control 20230906220029.0
008 - DATOS DE LONGITUD FIJA--INFORMACIÓN GENERAL
campo de control de longitud fija 101228s1934 fr |||| | fre d
080 ## - NÚMERO DE LA CLASIFICACIÓN DECIMAL UNIVERSAL
Número de la Clasificación Decimal Universal 930.85(38)
100 1# - ENTRADA PRINCIPAL--NOMBRE DE PERSONA
Nombre de persona Cohen, Robert.
9 (RLIN) 39512
245 13 - MENCIÓN DEL TÍTULO
Título La Grèce et l'hellénisation du monde antique /
Mención de responsabilidad, etc. par Robert Cohen ; avant-propos de S. Charléty.
260 ## - PUBLICACIÓN, DISTRIBUCIÓN, ETC.
Lugar de publicación, distribución, etc. Paris :
Nombre del editor, distribuidor, etc. Presses Universitaires de France,
Fecha de publicación, distribución, etc. 1934.
300 ## - DESCRIPCIÓN FÍSICA
Extensión XXXV, 657 p. ;
Dimensiones 20 cm.
490 1# - MENCIÓN DE SERIE
Mención de serie Clio, introduction aux études historiques ;
Designación de volumen o secuencia 2
500 ## - NOTA GENERAL
Nota general Índice.
504 ## - NOTA DE BIBLIOGRAFÍA, ETC.
Nota de bibliografía, etc. Bibliografía: p. XV-XLV.
650 #4 - PUNTO DE ACCESO ADICIONAL DE MATERIA--TÉRMINO DE MATERIA
Término de materia o nombre geográfico como elemento de entrada Civilización griega.
9 (RLIN) 137206
651 #4 - PUNTO DE ACCESO ADICIONAL DE MATERIA--NOMBRE GEOGRÁFICO
Nombre geográfico Grecia-
Subdivisión general Historia.
9 (RLIN) 8777
700 1# - ENTRADA AGREGADA--NOMBRE PERSONAL
Nombre de persona Charléty, Sébastien.
9 (RLIN) 38084
830 1# - PUNTO DE ACCESO ADICIONAL DE SERIE-TÍTULO UNIFORME
Título uniforme Clio, introduction aux études historiques ;
Designación de volumen o secuencia 2
9 (RLIN) 189992
852 ## - LOCALIZACIÓN
Ubicación ES-MaACL
Número de control de estantería E-13916
Encuadernación Olim P-671
Holdings
Estatus retirado Estado de pérdida Estado de daño No para préstamo Biblioteca de origen Biblioteca actual Ubicación en estantería Fecha de adquisición Fuente de adquisición Total de préstamos Signatura topográfica completa Código de barras Visto por última vez Precio de reemplazo Tipo de ítem Koha
        Biblioteca del Ateneo de Madrid Biblioteca del Ateneo de Madrid Depósito 2 28/12/2010     E-13916 1185103 23/02/2023 23/02/2023 Libro impreso